Normal view
MARC view
Entry Topical Term
001 - CONTROL NUMBER
- control field: 62440
003 - CONTROL NUMBER IDENTIFIER
- control field:
005 - DATE AND TIME OF LATEST TRANSACTION
- control field: 20250113103156.0
008 - FIXED-LENGTH DATA ELEMENTS
- fixed length control field: 250113|| aca||aabn | a|a d
040 ## - CATALOGING SOURCE
- Original cataloging agency:
- Transcribing agency:
150 ## - HEADING--TOPICAL TERM
- Topical term or geographic name entry element: Molière, 1622-1673
- Form subdivision: Criticism and interpretation
- General subdivision: History
- General subdivision: 18th century
670 ## - SOURCE DATA FOUND
- Source citation: Work cat.: ()23691: MCBRIDE, Robert aut 44976, The sceptical vision of Moliere :, 1977.
